00206 a2200097 4500001000700000040003500007100001600042240002300058245001800081440000900099153849 cEscola São Tomás de Aquino aLIMA, Mirna10aPorta aberta lpor10aPorta aberta  1aFTD